000 00307nam a22001337a 4500
008 171207b xxu||||| |||| 00| 0 eng d
020 _a9780256259827
041 _aeng
080 _210 ED
_a339.138
100 _a61
101 _aMAR
245 _aINTERNATIONAL MARKETING
_cCATEORA.P.R
942 _2udc
_cBK
999 _c38818
_d38818